[Event "SVK-chT2B 1314"]
[Site "Slovakia"]
[Date "2014.02.23"]
[Round "9.3"]
[White "Becko, Frantisek"]
[Black "Pereszlenyi, Gejza"]
[Result "1/2-1/2"]
[WhiteElo "1894"]
[BlackElo "2000"]
[PlyCount "20"]
[EventDate "2013.10.19"]
[EventType "team-tourn"]
[EventRounds "11"]
[EventCountry "SVK"]
[SourceTitle "EXT 2015"]
[Source "ChessBase"]
[SourceDate "2014.11.20"]
[SourceVersion "1"]
[SourceVersionDate "2014.11.20"]
[SourceQuality "1"]
[WhiteTeam "Sala"]
[BlackTeam "Nitra NSK II"]
[WhiteTeamCountry "SVK"]
[BlackTeamCountry "SVK"]

1. e4 c5 2. Nf3 d6 3. d4 cxd4 4. Nxd4 Nf6 5. Nc3 Nc6 6. Be3 e6 7. Be2 a6 8. 0-0 Be7 9. Qd2 0-0 10. Nxc6 bxc6 1/2-1/2

[Event "SVK-chT2B 1112"]
[Site "Slovakia"]
[Date "2012.01.29"]
[Round "9.1"]
[White "Becko, Frantisek"]
[Black "Garban, Mario"]
[Result "0-1"]
[WhiteElo "1929"]
[BlackElo "1994"]
[PlyCount "58"]
[EventDate "2011.10.08"]
[EventType "team-tourn"]
[EventRounds "11"]
[EventCountry "SVK"]
[SourceTitle "EXT 2013"]
[Source "ChessBase"]
[SourceDate "2012.11.22"]
[SourceVersion "1"]
[SourceVersionDate "2012.11.22"]
[SourceQuality "1"]
[WhiteTeam "Sala Slovan Duslo"]
[BlackTeam "Prievidza SK III"]
[WhiteTeamCountry "SVK"]
[BlackTeamCountry "SVK"]

1. e4 e5 2. Bc4 Bc5 3. Ne2 Qh4 4. Ng3 Nf6 5. f3 Nh5 6. Ke2 d5 7. d4 Bxd4 8. exd5 Nxg3+ 9. hxg3 Qxg3 10. Qf1 Bf5 11. Nc3 Bxc2 12. Nb5 Bb6 13. Rh5 Nd7 14. Rg5 Qh4 15. Rg4 Qe7 16. d6 cxd6 17. Rxg7 Bg6 18. Bxf7+ Bxf7 19. Rxf7 Kxf7 20. Qh1 Qf6 21. Qh5+ Qg6 22. Qh3 Nc5 23. Bd2 Rhg8 24. Nxd6+ Qxd6 25. Rh1 Qg6 26. g4 Rad8 27. Bc3 Qc2+ 28. Kf1 Rd1+ 29. Be1 Rxe1+ 0-1

[Event "SVK-chT2B 1112"]
[Site "Slovakia"]
[Date "2011.10.08"]
[Round "1.6"]
[White "Becko, Frantisek"]
[Black "Danczi, Tomas"]
[Result "1-0"]
[WhiteElo "1929"]
[BlackElo "1376"]
[PlyCount "122"]
[EventDate "2011.10.08"]
[EventType "team-tourn"]
[EventRounds "11"]
[EventCountry "SVK"]
[SourceTitle "EXT 2013"]
[Source "ChessBase"]
[SourceDate "2012.11.22"]
[SourceVersion "1"]
[SourceVersionDate "2012.11.22"]
[SourceQuality "1"]
[WhiteTeam "Sala Slovan Duslo"]
[BlackTeam "Nove Zamky Basta"]
[WhiteTeamCountry "SVK"]
[BlackTeamCountry "SVK"]

1. e4 e5 2. Nf3 Nc6 3. Bc4 Bc5 4. 0-0 d6 5. Nc3 Nf6 6. d3 h6 7. Na4 Bb6 8. Nxb6 axb6 9. c3 0-0 10. Re1 Bg4 11. h3 Bxf3 12. Qxf3 Na5 13. b4 Nxc4 14. dxc4 Qe7 15. Be3 Nd7 16. Qf5 Qe6 17. Qxe6 fxe6 18. Re2 Nf6 19. f3 Rf7 20. Rd1 Rd7 21. Red2 Ra3 22. Rc2 Kf7 23. Bc1 Ra8 24. Rcd2 Rad8 25. Kf2 d5 26. cxd5 exd5 27. exd5 Rxd5 28. c4 Rxd2+ 29. Rxd2 Rxd2+ 30. Bxd2 Ke6 31. g4 Nh7 32. Ke3 Nf6 33. h4 g6 34. g5 hxg5 35. hxg5 Nd7 36. Ke4 c6 37. Bc3 Kd6 38. Bd2 Ke6 39. Be3 Kd6 40. a3 c5 41. Bd2 Ke6 42. Be3 Ke7 43. Kd5 Kf7 44. bxc5 bxc5 45. Bxc5 Nxc5 46. Kxc5 Ke6 47. Kb6 Kf5 48. Kxb7 Kf4 49. c5 Kxf3 50. c6 e4 51. c7 e3 52. c8Q e2 53. Qe6 Kf2 54. a4 e1Q 55. Qxe1+ Kxe1 56. a5 Kf2 57. a6 Kg3 58. a7 Kg4 59. a8Q Kxg5 60. Kc7 Kf5 61. Kd6 g5 1-0

[Event "SVK-chT2B 0910"]
[Site "Slovakia"]
[Date "2010.02.07"]
[Round "9.6"]
[White "Szaraz, Vojtech"]
[Black "Becko, Frantisek"]
[Result "1/2-1/2"]
[WhiteElo "2011"]
[BlackElo "1957"]
[PlyCount "22"]
[EventDate "2009.10.10"]
[EventType "team"]
[EventRounds "11"]
[EventCountry "SVK"]
[SourceTitle "EXT 2011"]
[Source "ChessBase"]
[SourceDate "2010.11.26"]
[SourceVersion "1"]
[SourceVersionDate "2010.11.26"]
[SourceQuality "1"]
[WhiteTeam "Surany"]
[BlackTeam "Sala Slovan Duslo"]
[WhiteTeamCountry "SVK"]
[BlackTeamCountry "SVK"]

1. e4 d6 2. d4 Nf6 3. Be3 g6 4. c3 Bg7 5. Bd3 0-0 6. Nd2 b6 7. f3 Bb7 8. Ne2 Nbd7 9. 0-0 Qc8 10. Ng3 c5 11. Rc1 Ba6 1/2-1/2

[Event "SVK-chT2B 0910"]
[Site "Slovakia"]
[Date "2010.01.10"]
[Round "7"]
[White "Marko, Anton"]
[Black "Becko, Frantisek"]
[Result "1/2-1/2"]
[WhiteElo "2098"]
[BlackElo "1957"]
[PlyCount "23"]
[EventDate "2009.10.10"]
[EventType "team"]
[EventRounds "11"]
[EventCountry "SVK"]
[SourceTitle "EXT 2011"]
[Source "ChessBase"]
[SourceDate "2010.11.26"]
[SourceVersion "1"]
[SourceVersionDate "2010.11.26"]
[SourceQuality "1"]
[WhiteTeam "Partizanske"]
[BlackTeam "Sala Slovan Duslo"]
[WhiteTeamCountry "SVK"]
[BlackTeamCountry "SVK"]

1. d4 d5 2. Nf3 Nf6 3. c4 e6 4. Nc3 c6 5. e3 Be7 6. Be2 0-0 7. 0-0 Bd7 8. cxd5 cxd5 9. Bd2 Nc6 10. Rc1 a6 11. h3 Rc8 12. a3 1/2-1/2

[Event "SVK-chT2B 0910"]
[Site "Slovakia"]
[Date "2009.11.08"]
[Round "4.6"]
[White "Becko, Frantisek"]
[Black "Vrbica, Ladislav"]
[Result "1/2-1/2"]
[WhiteElo "1957"]
[BlackElo "1996"]
[PlyCount "34"]
[EventDate "2009.10.10"]
[EventType "team"]
[EventRounds "11"]
[EventCountry "SVK"]
[SourceTitle "EXT 2011"]
[Source "ChessBase"]
[SourceDate "2010.11.26"]
[SourceVersion "1"]
[SourceVersionDate "2010.11.26"]
[SourceQuality "1"]
[WhiteTeam "Sala Slovan Duslo"]
[BlackTeam "Bystrica SKS II"]
[WhiteTeamCountry "SVK"]
[BlackTeamCountry "SVK"]

1. e4 c5 2. Nf3 d6 3. Bc4 e6 4. 0-0 Nf6 5. Nc3 a6 6. e5 dxe5 7. Nxe5 Nbd7 8. Nxd7 Bxd7 9. Re1 Bc6 10. a4 Bd6 11. d3 h6 12. Be3 0-0 13. Qd2 Kh7 14. h3 Nd5 15. Ne4 Nxe3 16. Qxe3 Qe7 17. Nxd6 Qxd6 1/2-1/2

[Event "SVK-chT2B 0910"]
[Site "Slovakia"]
[Date "2009.10.10"]
[Round "1.8"]
[White "Becko, Frantisek"]
[Black "Kutny, Marian"]
[Result "1/2-1/2"]
[WhiteElo "1957"]
[BlackElo "1754"]
[PlyCount "42"]
[EventDate "2009.10.10"]
[EventType "team"]
[EventRounds "11"]
[EventCountry "SVK"]
[SourceTitle "EXT 2011"]
[Source "ChessBase"]
[SourceDate "2010.11.26"]
[SourceVersion "1"]
[SourceVersionDate "2010.11.26"]
[SourceQuality "1"]
[WhiteTeam "Sala Slovan Duslo"]
[BlackTeam "Belusa"]
[WhiteTeamCountry "SVK"]
[BlackTeamCountry "SVK"]

1. e4 c5 2. b3 e5 3. Ne2 Nf6 4. Ng3 Nc6 5. Be2 Be7 6. 0-0 0-0 7. Bb2 d5 8. exd5 Nxd5 9. Re1 Kh8 10. Nc3 f5 11. Nxd5 Qxd5 12. Bc4 Qd6 13. Qe2 e4 14. Rad1 Bf6 15. Bxf6 Qxf6 16. c3 Ne5 17. f4 Nxc4 18. Qxc4 b6 19. Re3 a5 20. Qe2 Bb7 21. Nh5 Qf7 1/2-1/2

[Event "SVK-chT2B 0708"]
[Site "Slovakia"]
[Date "2007.12.01"]
[Round "5.5"]
[White "Jambrich, Miroslav"]
[Black "Becko, Frantisek"]
[Result "0-1"]
[WhiteElo "1922"]
[BlackElo "1954"]
[PlyCount "78"]
[EventDate "2007.10.06"]
[EventType "team-tourn"]
[EventRounds "11"]
[EventCountry "SVK"]
[SourceTitle "EXT 2010"]
[Source "ChessBase"]
[SourceDate "2010.11.25"]
[SourceVersion "1"]
[SourceVersionDate "2010.11.25"]
[SourceQuality "1"]
[WhiteTeam "Nitra SPU II"]
[BlackTeam "Sala Slovan Duslo"]
[WhiteTeamCountry "SVK"]
[BlackTeamCountry "SVK"]

1. e4 e5 2. Bc4 Nc6 3. Nf3 Bc5 4. 0-0 d6 5. h3 h6 6. c3 Be6 7. d3 Bxc4 8. dxc4 a5 9. Qe2 Nf6 10. Rd1 Qe7 11. a3 0-0 12. g4 Qe6 13. Nh4 Ne7 14. Kh2 g5 15. Nf5 Nxf5 16. gxf5 Qe7 17. h4 Kh7 18. hxg5 hxg5 19. Bxg5 Rh8 20. Rg1 Kg7+ 21. Kg2 Rag8 22. Nd2 Kf8 23. Nf3 Nh7 24. b4 Ba7 25. Rh1 Nxg5 26. Rxh8 Rxh8 27. Rg1 Nxf3 28. Qxf3 Rg8+ 29. Kf1 Rxg1+ 30. Kxg1 Qg5+ 31. Kh2 Qf4+ 32. Qxf4 exf4 33. Kg2 Ke7 34. Kf3 Kf6 35. c5 Ke5 36. cxd6 cxd6 37. c4 axb4 38. axb4 f6 39. b5 Bc5 0-1

[Event "SVK-chT2B 0607"]
[Site "Slovakia"]
[Date "2006.10.14"]
[Round "1.4"]
[White "Rosina, Julius"]
[Black "Becko, Frantisek"]
[Result "0-1"]
[WhiteElo "2050"]
[BlackElo "1831"]
[PlyCount "88"]
[EventDate "2006.10.14"]
[EventType "team-tourn"]
[EventRounds "11"]
[EventCountry "SVK"]
[SourceTitle "EXT 2008"]
[Source "ChessBase"]
[SourceDate "2007.11.25"]
[SourceVersion "1"]
[SourceVersionDate "2007.11.25"]
[SourceQuality "1"]
[WhiteTeam "Partizanske"]
[BlackTeam "Sala"]
[WhiteTeamCountry "SVK"]
[BlackTeamCountry "SVK"]

1. d4 f5 2. c4 Nf6 3. Nc3 e6 4. Bf4 Bb4 5. a3 Bxc3+ 6. bxc3 d6 7. Nf3 Ne4 8. Qc1 h6 9. h4 b6 10. e3 Nd7 11. Bd3 Ndf6 12. Nd2 Bb7 13. f3 Nxd2 14. Qxd2 Nh5 15. e4 fxe4 16. fxe4 Nxf4 17. Qxf4 Qe7 18. e5 0-0-0 19. exd6 Qxd6 20. Qxd6 cxd6 21. 0-0 Rdf8 22. Rac1 Kd7 23. Bg6 Rf6 24. Rxf6 gxf6 25. Bf7 e5 26. c5 bxc5 27. dxc5 Ke7 28. Bc4 d5 29. Rb1 Bc6 30. Ba2 Rg8 31. Kf2 Rg4 32. g3 Ra4 33. Rb3 Ra5 34. Rb8 Rxa3 35. Bb3 Ra5 36. Rc8 Rxc5 37. Rc7+ Ke6 38. Rxa7 Rxc3 39. Ba2 Kf5 40. Bb1+ e4 41. Rh7 Rc1 42. Rc7 Rxb1 43. Rxc6 d4 44. Rc5+ Kg4 0-1

[Event "SVK-chT2B 0506"]
[Site "Slovakia"]
[Date "2005.11.26"]
[Round "3.8"]
[White "Kurtulik, Andrej"]
[Black "Becko, Frantisek"]
[Result "1-0"]
[WhiteElo "1758"]
[BlackElo "1859"]
[PlyCount "71"]
[EventDate "2005.10.22"]
[EventType "team-tourn"]
[EventRounds "11"]
[EventCountry "SVK"]
[SourceTitle "EXT 2008"]
[Source "ChessBase"]
[SourceDate "2007.11.25"]
[SourceVersion "1"]
[SourceVersionDate "2007.11.25"]
[SourceQuality "1"]

1. e4 b6 2. d4 Bb7 3. Nc3 e6 4. Nf3 Nf6 5. e5 Nd5 6. Nxd5 exd5 7. Bd3 Be7 8. 0-0 0-0 9. Re1 c5 10. c3 d6 11. e6 fxe6 12. Rxe6 Bc8 13. Re1 c4 14. Bb1 Bf5 15. Qe2 Bxb1 16. Qe6+ Kh8 17. Qxd5 Bd3 18. Qxa8 Qd7 19. Qd5 Nc6 20. Qe6 Qd8 21. d5 Ne5 22. Nxe5 dxe5 23. Qxe5 Bd6 24. Qg5 Qd7 25. Be3 Rf5 26. Qg4 Qf7 27. Bd4 h5 28. Qh4 Kh7 29. Re6 g5 30. Qh3 Bf4 31. g4 h4 32. Rae1 Bd6 33. gxf5 Bxf5 34. Qg2 Bxe6 35. Rxe6 Qf5 36. Qe4 1-0